<The> Process of Management Strategy, Action, Results

Guardado en:
Detalles Bibliográficos
Autor principal: Newman, William H.
Otros Autores: Warren, E. Kirby, MacGill, Andrew R.
Formato: Libro
Lenguaje:inglés
Publicado: Englewood Cliffs Prentice Hall 1987
Edición:6. ed.
Etiquetas: Agregar Etiqueta
Sin Etiquetas, Sea el primero en etiquetar este registro!

MARC

LEADER 00000nam a2200000 4500
001 c025069
005 20221219120425.9
041 0 |a eng 
044 |a US 
245 1 0 |a <The> Process of Management  |b Strategy, Action, Results  |c William H. Newman, E. Kirby Warren, Andrew R. MacGill 
250 |a 6. ed. 
264 1 |a Englewood Cliffs  |b Prentice Hall  |c 1987 
300 |a 624 s. 
100 1 |a Newman, William H. 
700 1 |a Warren, E. Kirby 
700 1 |a MacGill, Andrew R.